Use Of Manufactured Sand In Normal Strength Concrete As A Replacement To Natural Sand. (Record no. 360554)
[ view plain ]
| 000 -LEADER | |
|---|---|
| fixed length control field | 00331nam a2200097Ia 4500 |
| 008 - FIXED-LENGTH DATA ELEMENTS--GENERAL INFORMATION | |
| fixed length control field | 241105s9999 xx 000 0 und d |
| 041 ## - LANGUAGE CODE | |
| Language code of text/sound track or separate title | eng |
| 100 ## - MAIN ENTRY--PERSONAL NAME | |
| Personal name | Bramhe Harshada |
| 9 (RLIN) | 182267 |
| 245 ## - TITLE STATEMENT | |
| Title | Use Of Manufactured Sand In Normal Strength Concrete As A Replacement To Natural Sand. |
| 260 ## - PUBLICATION, DISTRIBUTION, ETC. (IMPRINT) | |
| Name of publisher, distributor, etc. | YCMOU Construction Management, Pune |
| Date of publication, distribution, etc. | 2012 |
No items available.